Statistics for Ultimate Big Mouth Character Quiz

Click here to take the quiz!

General Stats

  • This quiz has been taken 32 times
  • The average score is 33 of 101

Answer Stats

Answer% Correct
Nick Birch
95%
Andrew Glouberman
82%
Nick Kroll
82%
Coach Steve Steve
77%
Jay Bilzerian
77%
Maurice
77%
Bad Mitten
73%
Matthew
73%
Nick Starr
73%
Connie(Constance)
68%
Jessi Glaser
68%
Nathan Fillion
64%
Rick
59%
Andrew 3000
55%
Devin
55%
DeVon
55%
Missy Foreman-Greenwald
55%
The Ladybug
55%
Bonnie(Bonrad)
50%
Mona
50%
Tyler
50%
Depression Kitty (Kitty Bouchet)
45%
Judd Birch
45%
Gavin
41%
Gina
41%
Leah Birch
41%
Simon Sex
41%
Wiggles
41%
Diane Birch
36%
Featuring Ludacris
36%
Ghost of Duke Ellington
36%
Ghost of Freddie Mercury
36%
Gratitoad
36%
Scorpion
36%
Tito
36%
Barbara Glouberman
32%
Bernie Sanders
32%
Black Jesus
32%
Caleb
32%
Elliot Birch
32%
Jewish Penis
32%
Lola Skumpy
32%
Marty Glouberman
32%
Milk
32%
Svetlana
32%
Walter
32%
Ali
27%
Cantor Dina Reznick
27%
Charles Lu
27%
Ghost of David Bowie
27%
Gustavo
27%
Guy Bilzerian
27%
Jesus
27%
Montel
27%
Pam
27%
Satan
27%
Tallulah Levine The Blowjob Machine
27%
Brad
23%
Daniel
23%
Fatima
23%
Ghost of Harry Houdini
23%
Ghost of Prince
23%
Kurt Bilzerian
23%
Lars
23%
Lorraine
23%
Rabbi Paul Blart
23%
Shannon Glaser
23%
Sylvester Stallone
23%
Val Bilzerian
23%
Cellsea
18%
Cyrus Foreman-Greenwald
18%
Elijah
18%
Ghost of Pablo Picasso
18%
Greg Glaser
18%
Gustavo the Horse
18%
Monica Foreman-Greenwald
18%
Mr Lizer
18%
Rodney
18%
Samira
18%
Shane Lizard(not the shame wizard)
18%
Cheryl Glouberman
14%
Delillo
14%
Fuck Gremlin
14%
Jansen Twins
14%
Jew Fishman
14%
Knights of St Joseph
14%
Lump Humpman
14%
Menopause Banshee
14%
Roland
14%
Seth Goldberg
14%
Suzette
14%
Crumbum Tootles
9%
Detective Dumont
9%
Detective Florez
9%
Dimitri
9%
Dylan Keating
9%
Flanny
9%
Harry
9%
Lena Foreman
9%
Quinta Foreman
9%
Seamus McGregor
9%

Score Distribution

Percentile by Number Answered

Percent of People with Each Score

Your Score History

You have not taken this quiz